ბათუმის შოთა რუსთაველის სახელმწიფო უნივერსიტეტის ბიბლიოთეკა

მარგალიტი : მოთხრობა (ბიბ.ჩანაწერი № 55998)

000 -LEADER
fixed length control field 00740nam a2200217Ia 4500
001 - CONTROL NUMBER
control field 23097
003 - CONTROL NUMBER IDENTIFIER
control field GE_BSU
008 - FIXED-LENGTH DATA ELEMENTS--GENERAL INFORMATION
fixed length control field 181216s||||||||xx |||||||||||||| ||und||
040 ## - CATALOGING SOURCE
Transcribing agency GE_BSU
080 ## - UNIVERSAL DECIMAL CLASSIFICATION NUMBER
Universal Decimal Classification number 821.111(73)-3
100 ## - MAIN ENTRY--PERSONAL NAME
Personal name სტეინბეკი, ჯ.
245 ## - TITLE STATEMENT
Title მარგალიტი : მოთხრობა
245 ## - TITLE STATEMENT
Statement of responsibility, etc. თარგმ. ანა რატიანმა ; ილ.: გ. გორდელაძე. რედ. ვ. ჭელიძე
260 ## - PUBLICATION, DISTRIBUTION, ETC.
Place of publication, distribution, etc. თბილისი
260 ## - PUBLICATION, DISTRIBUTION, ETC.
Name of publisher, distributor, etc. საბლიტგამი
260 ## - PUBLICATION, DISTRIBUTION, ETC.
Date of publication, distribution, etc. 1959
300 ## - PHYSICAL DESCRIPTION
Extent 89გვ. : ილ. ; 21სმ.
653 ## - INDEX TERM--UNCONTROLLED
Uncontrolled term მარგალიტი : მოთხრობა
942 ## - ADDED ENTRY ELEMENTS (KOHA)
Koha item type წიგნი
ეგზემპლარები
Withdrawn status Lost status Damaged status Not for loan Date acquired Barcode Date last seen Price effective from Koha item type
        2018-12-17 58541 2018-12-17 2018-12-17 წიგნი